Big Data in Healthcare Extracting Knowledge from Point-of-Care Machines /

This book reviews a number of issues including: Why data generated from POC machines are considered as Big Data. What are the challenges in storing, managing, extracting knowledge from data from POC devices? Why is it inefficient to use traditional data analysis with big data? What are the solutions...

Full description

Bibliographic Details
Corporate Author: SpringerLink (Online service)
Other Authors: Amirian, Pouria (Editor), Lang, Trudie (Editor), van Loggerenberg, Francois (Editor)
Format: Electronic eBook
Language:English
Published: Cham : Springer International Publishing : Imprint: Springer, 2017.
Series:SpringerBriefs in Pharmaceutical Science & Drug Development,
Subjects:
Online Access:Full Text via HEAL-Link
LEADER 02802nam a22004935i 4500
001 978-3-319-62990-2
003 DE-He213
005 20170918113736.0
007 cr nn 008mamaa
008 170918s2017 gw | s |||| 0|eng d
020 |a 9783319629902  |9 978-3-319-62990-2 
024 7 |a 10.1007/978-3-319-62990-2  |2 doi 
040 |d GrThAP 
050 4 |a RS380 
050 4 |a RS190-210 
072 7 |a TDCW  |2 bicssc 
072 7 |a MED072000  |2 bisacsh 
082 0 4 |a 615.19  |2 23 
245 1 0 |a Big Data in Healthcare  |h [electronic resource] :  |b Extracting Knowledge from Point-of-Care Machines /  |c edited by Pouria Amirian, Trudie Lang, Francois van Loggerenberg. 
264 1 |a Cham :  |b Springer International Publishing :  |b Imprint: Springer,  |c 2017. 
300 |a VII, 100 p. 46 illus., 45 illus. in color.  |b online resource. 
336 |a text  |b txt  |2 rdacontent 
337 |a computer  |b c  |2 rdamedia 
338 |a online resource  |b cr  |2 rdacarrier 
347 |a text file  |b PDF  |2 rda 
490 1 |a SpringerBriefs in Pharmaceutical Science & Drug Development,  |x 1864-8118 
505 0 |a Introduction – Improving Healthcare with Big Data -- Data Science and Analytics -- Big Data and Big Data Technologies -- Big Data Analytics for Extracting Disease Surveillance Information: An Untapped Opportunity -- Ebola and Twitter. What Insights Can Public Health Draw from Social Media? 
520 |a This book reviews a number of issues including: Why data generated from POC machines are considered as Big Data. What are the challenges in storing, managing, extracting knowledge from data from POC devices? Why is it inefficient to use traditional data analysis with big data? What are the solutions for the mentioned issues and challenges? What type of analytics skills are required in health care? What big data technologies and tools can be used efficiently with data generated from POC devices? This book shows how it is feasible to store vast numbers of anonymous data and ask highly specific questions that can be performed in real-time to give precise and meaningful evidence to guide public health policy. 
650 0 |a Medicine. 
650 0 |a Pharmaceutical technology. 
650 0 |a Health informatics. 
650 1 4 |a Biomedicine. 
650 2 4 |a Pharmaceutical Sciences/Technology. 
650 2 4 |a Health Informatics. 
700 1 |a Amirian, Pouria.  |e editor. 
700 1 |a Lang, Trudie.  |e editor. 
700 1 |a van Loggerenberg, Francois.  |e editor. 
710 2 |a SpringerLink (Online service) 
773 0 |t Springer eBooks 
776 0 8 |i Printed edition:  |z 9783319629889 
830 0 |a SpringerBriefs in Pharmaceutical Science & Drug Development,  |x 1864-8118 
856 4 0 |u http://dx.doi.org/10.1007/978-3-319-62990-2  |z Full Text via HEAL-Link 
912 |a ZDB-2-SME 
950 |a Medicine (Springer-11650)